Estrategia de éxito empresarial / Roberto Servitje Sendra (Registro nro. 16986)
[ vista simple ]
| 000 -LÍDER | |
|---|---|
| fixed length control field | 00535nam a2200145 4500 |
| 008 - ELEMENTOS DE LONGITUD FIJA -- INFORMACIÓN GENERAL | |
| fixed length control field | 0 2003 0x 000 0MEX |
| 020 ## - NÚMERO INTERNACIONAL NORMALIZADO PARA LIBROS | |
| ISBN | 970-26-0077-4 |
| 050 ## - SIGNATURA TOPOGRAFICA DE LA BIBLIOTECA DEL CONGRESO (LC) | |
| Número de Clasificación | HF5500.M42 S47 2003 |
| 082 ## - NUMERO DE CLASIFICACION DECIMAL DEWEY | |
| Número de Clasificación | 658.401 S492e |
| 100 ## - ASIENTO PRINCIPAL--NOMBRE PERSONAL | |
| Nombre personal | Servitje Sendra, Roberto |
| 245 ## - TÍTULO | |
| Título | Estrategia de éxito empresarial / Roberto Servitje Sendra |
| 260 ## - PUBLICACIÓN, DISTRIBUCIÓN, ETC. (PIE DE IMPRENTA) | |
| Lugar de publicación, distribución, etc. | México : Pearson educación |
| 300 ## - DESCRIPCIÓN FÍSICA | |
| Extensión | xxv, 275 p. / 23 cm. |
| 650 ## - ASIENTO SECUNDARIO DE MATERIA - TERMINO TEMÁTICO | |
| Término temático o nombre geográfico como elemento de entrada | 1.EJECUTIVOS-BIMBO (GRUPO INDUSTRIAL)-MEXICO \ 2.ADMINISTRACION INDUSTRIAL \ 3.PAN-INDUSTRIA Y COMERCIO-MEXICO |
| No. biblioteca | No. biblioteca | Número de clasificación | Código de barras/Número de adquisición | Número de copia | Tipo de material |
|---|---|---|---|---|---|
| LUIS G. INCLAN | LUIS G. INCLAN | 658.401 S492e | 43374 | 1 | Libros |
| LUIS G. INCLAN | LUIS G. INCLAN | 658.401 S492e | 43375 | 2 | Libros |
